Quizzes
Events
Quiz Creation
Community
Videos
Private Events
Remove Ads
Sign In
Join for FREE
Feedback
Dark Mode
Quiz Categories
Sports
Geography
Music
Movies
Television
Just For Fun
Miscellaneous
History
Literature
Language
Science
Gaming
Entertainment
Religion
Holiday
For Kids
Quiz Lab
Recent
Popular Today
Quiz Kudos Today
Editor Picks
Curator Picks
Quizzes by...
Day
Popularity
Type
Ratings
Length
Year
Community
Subscriptions
Recent Discussions
Orange Saloon
Badges
Playlists
Quests
Create
Leaderboards
Showdown
Live 5
Trivia Bingo
Activity
Puzzle Library
Sporcle Events
Private Events
Virtual Trivia
Globe League
Become a Host
Pub Owners
SporcleCon
Opinionation
Our Games
Videos
Blog
Mobile Apps
Partnerships
Remove Ads and Go Orange
Feedback
Geography
Country
Landmarks
City
State
Population
World
Capital
Continent
Flags
Europe
Africa
Asia
South America
North America
Oceania
Border
Canada
United Kingdom
Topography
United States
Geography
Country
Landmarks
City
State
Population
World
Capital
Continent
Flags
Europe
Africa
Asia
South America
North America
Oceania
Border
Canada
United Kingdom
Topography
United States
Random Quiz
Search Sporcle
×
Quiz Lab
Quiz Lab
Geography
State
Type in answers that appear in a list
Type in answers that appear in a list
Classic
Best Score? Go Orange.
U.S. States by Population Stats
Can you name the U.S. States by Population?
By
jeter4982
15m
50 Questions
573 Plays
573 Plays
573 Plays
Comments
Comments
Give Quiz Kudos
Give Quiz Kudos
-
- Ratings
hide this ad
Forced Order
Answers have to be entered in order
Answers have to be entered in order
Replay
Link that replays current quiz
Next Quiz
Link to next quiz in quiz playlist
You Got
0%
They Got
Avg Score
73%
Avg Friend Score
Upgrade to see
Score Distribution
Jump to the score distribution portion of the page
Score
0/50
Timer
15:00
0
Plays Today
Geographic Region
State
% Correct
Pacific
California
100%
South Central
Texas
99.5%
South Atlantic
Florida
97.9%
Mid-
Atlantic
New York
97.2%
Midwest
Illinois
92.8%
Mid-
Atlantic
Pennsylvania
88.8%
Midwest
Ohio
88.8%
South Atlantic
Georgia
87.1%
Pacific
Washington
85.7%
South Atlantic
North Carolina
84.4%
Midwest
Michigan
84.1%
New England
Massachusetts
82.9%
Mid-
Atlantic
New Jersey
79.9%
South Atlantic
Virginia
77.4%
Midwest
Indiana
77.1%
New England
Vermont
76.4%
Mountain
Arizona
75%
Pacific
Oregon
73.4%
New England
Rhode Island
73.4%
Mountain
Wyoming
73.4%
New England
New Hampshire
73.3%
Pacific
Alaska
72.9%
Pacific
Hawaii
72.7%
New England
Maine
72.6%
New England
Connecticut
71.9%
Geographic Region
State
% Correct
Mountain
Colorado
69.2%
Midwest
Missouri
68.2%
South Central
Tennessee
67.8%
Mountain
Montana
67.8%
Midwest
Minnesota
67.7%
Midwest
Wisconsin
66.4%
South Atlantic
South Carolina
66.3%
Midwest
North Dakota
65.7%
Mountain
Utah
65.6%
Midwest
Iowa
64.7%
Mountain
Idaho
64.7%
Midwest
South Dakota
64.7%
South Atlantic
Maryland
63.6%
South Central
Louisiana
63.6%
South Central
Alabama
61.9%
South Central
Arkansas
61.7%
Mountain
Nevada
61.7%
Mountain
New Mexico
61.4%
Midwest
Nebraska
61%
Midwest
Kansas
60.8%
South Atlantic
Delaware
60.8%
South Central
Mississippi
60.7%
South Central
Kentucky
59.4%
South Central
Oklahoma
58.4%
South Atlantic
West Virginia
57.3%
Quiz Playlist
Details
Report
Send in Message
Add To Playlist
Classic:
Type in answers that appear in a list
Forced Order:
Answers have to be entered in order
Quiz Source
Last Updated: Feb 16, 2017
Quiz Scoreboard
CHALLENGE
Sign Up to Join the Scoreboard
Show All
Scores
Hide
Comments
May contain spoilers
Recently Published
TV Characters by Other Roles V
by ghcgh
Television
5m
Decade Duel: World Leaders
by jenniferyan
History
4m
Alphabetical 'K' Countries by Flag Minefield
by ylime102
Geography
3m
More to Explore
Quiz From the Vault
Featured Blog Post
15 Basketball Trivia Facts You Can Be March Mad About
hide this ad
You Might Also Like...
Tags
Population Quiz
State Quiz
United States Quiz
region
Today's Top Quizzes in Geography
Browse Geography
hide this ad
Today's Top Quizzes in State
Browse State
Top Contributed Quizzes in Geography
1
Countries of the World - No Outlines Minefield
2
Least Populated Answer: 'G' Countries
3
Pick 6: Mountains
4
'A' Capitals Crossword
5
Countries of the World: 1800
6
Alphabetical 'L' Countries By Flag Minefield
7
Lietuvos savivaldybės (Lithuanian Municipalities)
8
Pick 6: National Parks
9
Pick 6: US States
10
Alphabetical 'M' Countries By Flag Minefield
Explore More
Trending Topics
NBA
Marvel
Crossword
Harry Potter
Anime
Disney
Kpop
Song
Pokémon
The Office
WWE
Country
NFL
Soccer
Puzzle
hide this ad
More By:
jeter4982
Quiz
Plays
Rating
Category
Featured
Created
Profile: Eli Manning
2,263
2.86
Sports
Jan 16, 2010
U.S. States by Population
573
3.44
Geography
Sep 30, 2009
Go to Creator's Profile
Score Distribution
Quiz Creator Spotlight
jeter4982
Follow
Send a Message
Quizzes Created
-
Created Quiz Play Count
-
More By This Creator
Popular Quizzes Today
1
Countries of Asia Without Outlines Minefield
2
Find the US States - No Outlines Minefield
3
Pick 6: Fruits
4
The Countries of the World
5
Alphabetical 'K' Countries by Flag Minefield
6
Find the Countries of Europe - No Outlines Minefield
7
US States
8
Find the US States
More Geography Quizzes
EU Bordering Countries Minefield
Published
Trending Quizzes
Pick 6: Mountains
Pick 6: Harry Potter
Pick 6: Flags
Pick 6: NFL Teams
Pick 6: Movie Franchises
Recently Updated
Adaptations: Name the Title
pecheneg
NWSL Teams
pecheneg
Women's Final Four Teams by Year
bhenderson79
Presidents Quartet II
eogle
Anything But Clue(do)
eogle
Anything But Oceanian Capitals
eogle
Anything But 7
eogle
Anything But Thing
eogle
Word Ladder: February 29
pecheneg
Song Title Questions
pecheneg
Trending Topics
Kpop
Marvel
NBA
Crossword
Disney
Anime
Harry Potter
NFL
Pokémon
Puzzle
Soccer
The Office
Country
WWE
Song
Your Account Isn't Verified!
In order to create a playlist on Sporcle, you need to verify the email address you used during registration. Go to your
Sporcle Settings
to finish the process.
Report this User
Report this user for behavior that violates our
Community Guidelines
.
Details:
Send Report
Go to the Sporcle.com Mobile Site →
Comments